[Event "RA-2023-0-00719"]
[Site "LSS email"]
[Date "2023.02.21"]
[Round "?"]
[White "Rodriguez, Raul"]
[Black "Morcin, Tom"]
[Result "1/2-1/2"]
[WhiteElo "2031"]
[BlackElo "2077"]
[PlyCount "56"]
[EventDate "2022.11.13"]
[EventType "tourn (corr)"]
[EventRounds "6"]
[EventCountry "GER"]
[SourceTitle "Corr 2024"]
[Source "ChessBase"]
[SourceDate "2023.10.19"]
[SourceVersion "1"]
[SourceVersionDate "2023.10.19"]
[SourceQuality "1"]

1. e4 c5 2. Nf3 d6 3. d4 cxd4 4. Qxd4 Nc6 5. Bb5 Bd7 6. Bxc6 Bxc6 7. c4 f5 8. exf5 Qa5+ 9. Nc3 Bxf3 10. gxf3 Qxf5 11. Qe3 Nf6 12. Bd2 g6 13. Ne4 Nxe4 14. fxe4 Qe6 15. Bc3 Rg8 16. 0-0 Qxc4 17. e5 Qe6 18. Rad1 d5 19. Qc5 Qg4+ 20. Kh1 Qc4 21. Qxd5 Qxd5+ 22. Rxd5 e6 23. Rd4 Rc8 24. Rfd1 Rg7 25. Kg2 Rf7 26. R1d2 Bc5 27. R4d3 a6 28. a3 b5 1/2-1/2

[Event "RA-2022-0-00717"]
[Site "LSS email"]
[Date "2022.12.09"]
[Round "?"]
[White "Morcin, Tom"]
[Black "Koronowski, Juergen"]
[Result "1/2-1/2"]
[WhiteElo "2093"]
[BlackElo "2048"]
[PlyCount "66"]
[EventDate "2022.08.10"]
[EventType "tourn (corr)"]
[EventRounds "6"]
[EventCountry "GER"]
[SourceTitle "Corr 2024"]
[Source "ChessBase"]
[SourceDate "2023.10.19"]
[SourceVersion "1"]
[SourceVersionDate "2023.10.19"]
[SourceQuality "1"]

1. e4 e5 2. Nf3 Nf6 3. Nxe5 d6 4. Nf3 Nxe4 5. d4 d5 6. Bd3 Bd6 7. 0-0 0-0 8. c4 c6 9. Re1 Bf5 10. Qb3 Qd7 11. Nc3 Nxc3 12. Bxf5 Qxf5 13. bxc3 b6 14. h3 dxc4 15. Qxc4 b5 16. Qb3 a5 17. Ba3 a4 18. Qb2 Bxa3 19. Qxa3 Nd7 20. c4 bxc4 21. Rec1 Nb6 22. Qc5 Qxc5 23. dxc5 Nd7 24. Rxc4 Ra5 25. Rd1 Rxc5 26. Rxa4 Ne5 27. Nxe5 Rxe5 28. Rd7 Rfe8 29. Rc7 Re1+ 30. Kh2 R1e6 31. f3 g6 32. Ra6 Rf6 33. Raxc6 Rxc6 1/2-1/2

[Event "RA-2022-0-00717"]
[Site "LSS email"]
[Date "2022.12.02"]
[Round "?"]
[White "Nowak, Ireneusz"]
[Black "Morcin, Tom"]
[Result "1-0"]
[WhiteElo "1999"]
[BlackElo "2093"]
[PlyCount "31"]
[EventDate "2022.08.10"]
[EventType "tourn (corr)"]
[EventRounds "6"]
[EventCountry "GER"]
[SourceTitle "Corr 2024"]
[Source "ChessBase"]
[SourceDate "2023.10.19"]
[SourceVersion "1"]
[SourceVersionDate "2023.10.19"]
[SourceQuality "1"]

1. e4 c5 2. Nf3 d6 3. d4 cxd4 4. Nxd4 Nf6 5. Nc3 a6 6. Bg5 e6 7. f4 Qb6 8. Qd2 Qxb2 9. Rb1 Qa3 10. f5 Nc6 11. fxe6 fxe6 12. Nxc6 bxc6 13. Be2 Be7 14. 0-0 Qa5 15. Bf3 Qc7 16. e5 1-0

[Event "RA-2022-0-00714"]
[Site "LSS email"]
[Date "2022.09.08"]
[Round "?"]
[White "Morcin, Tom"]
[Black "Mateka, Petr"]
[Result "0-1"]
[WhiteElo "2028"]
[BlackElo "2120"]
[PlyCount "102"]
[EventDate "2022.06.03"]
[EventType "tourn (corr)"]
[EventRounds "6"]
[EventCountry "GER"]
[SourceTitle "Corr 2024"]
[Source "ChessBase"]
[SourceDate "2023.10.19"]
[SourceVersion "1"]
[SourceVersionDate "2023.10.19"]
[SourceQuality "1"]

1. e4 c5 2. Nf3 d6 3. d4 cxd4 4. Nxd4 Nf6 5. Nc3 a6 6. Be3 e5 7. Nb3 Be6 8. f3 h5 9. Qd2 Nbd7 10. Nd5 Bxd5 11. exd5 g6 12. Be2 Bg7 13. 0-0 b6 14. c4 h4 15. Bg5 Qc7 16. Rad1 Kf8 17. Rfe1 Kg8 18. Be3 Qc8 19. Qb4 Qf8 20. Nd2 a5 21. Qb3 Bh6 22. Bf2 Bf4 23. Ne4 Qe7 24. Nxf6+ Qxf6 25. Bf1 Kg7 26. Bd3 Qg5 27. Qa3 Rhd8 28. Re2 Rac8 29. Qb3 Rb8 30. Qc3 Rh8 31. a3 Nf6 32. Qe1 Nh5 33. Rc2 Bg3 34. Be3 Bf4 35. Bf2 a4 36. Bf1 Ng3 37. Bd3 Rbe8 38. Rc3 Rh5 39. h3 f5 40. Bxb6 e4 41. fxe4 fxe4 42. Be2 e3 43. Rd4 Rhh8 44. c5 Nh5 45. Bxh5 Bg3 46. Qe2 Qxh5 47. Rg4 Qf5 48. Rc2 Rhf8 49. cxd6 Qf2+ 50. Qxf2 exf2+ 51. Bxf2 Bxf2+ 0-1

[Event "RA-2022-0-00714"]
[Site "LSS email"]
[Date "2022.08.31"]
[Round "?"]
[White "Van Bommel, Ton"]
[Black "Morcin, Tom"]
[Result "1/2-1/2"]
[WhiteElo "2172"]
[BlackElo "2028"]
[PlyCount "49"]
[EventDate "2022.06.03"]
[EventType "tourn (corr)"]
[EventRounds "6"]
[EventCountry "GER"]
[SourceTitle "Corr 2024"]
[Source "ChessBase"]
[SourceDate "2023.10.19"]
[SourceVersion "1"]
[SourceVersionDate "2023.10.19"]
[SourceQuality "1"]

1. e4 c5 2. c3 Nf6 3. e5 Nd5 4. Nf3 Nc6 5. Bc4 Nb6 6. Bb3 d5 7. exd6 Qxd6 8. 0-0 Be6 9. Qe2 Bxb3 10. axb3 Rd8 11. d4 cxd4 12. Nxd4 Nxd4 13. cxd4 a6 14. Nc3 e6 15. Rd1 Be7 16. Qg4 0-0 17. Ne4 h5 18. Qxh5 Qd5 19. Qxd5 Rxd5 20. Nc3 Rd7 21. Be3 Rfd8 22. h3 f5 23. Kf1 Bf6 24. Na4 Nxa4 25. bxa4 1/2-1/2

[Event "WC-2022-S-00006"]
[Site "LSS email"]
[Date "2022.06.21"]
[Round "?"]
[White "Morcin, Tom"]
[Black "Bendig, Frank"]
[Result "1/2-1/2"]
[WhiteElo "2030"]
[BlackElo "2108"]
[PlyCount "58"]
[EventDate "2022.06.21"]
[EventType "tourn (corr)"]
[EventRounds "12"]
[EventCountry "GER"]
[SourceTitle "Corr 2024"]
[Source "ChessBase"]
[SourceDate "2023.10.19"]
[SourceVersion "1"]
[SourceVersionDate "2023.10.19"]
[SourceQuality "1"]

1. e4 e5 2. Nf3 Nc6 3. Bb5 a6 4. Ba4 Nf6 5. 0-0 Nxe4 6. Re1 Nc5 7. Bxc6 dxc6 8. Nxe5 Be7 9. d4 Ne6 10. Be3 0-0 11. c4 f6 12. Nf3 Re8 13. Nc3 Nf8 14. d5 Bg4 15. Bf4 Rb8 16. Bg3 Qd7 17. h3 Bh5 18. Ne5 Qf5 19. Qd3 Bg6 20. Qxf5 Bxf5 21. Nf3 Rbc8 22. dxc6 bxc6 23. Nd4 Bd7 24. Red1 Kf7 25. Nb3 g5 26. Rac1 Red8 27. f3 h5 28. Ne4 Ne6 29. h4 gxh4 1/2-1/2

[Event "WC-2022-S-00006"]
[Site "LSS email"]
[Date "2022.06.21"]
[Round "?"]
[White "Vodicka, Milan"]
[Black "Morcin, Tom"]
[Result "1/2-1/2"]
[WhiteElo "2014"]
[BlackElo "2030"]
[PlyCount "57"]
[EventDate "2022.06.21"]
[EventType "tourn (corr)"]
[EventRounds "12"]
[EventCountry "GER"]
[SourceTitle "Corr 2024"]
[Source "ChessBase"]
[SourceDate "2023.10.19"]
[SourceVersion "1"]
[SourceVersionDate "2023.10.19"]
[SourceQuality "1"]

1. d4 Nf6 2. c4 e6 3. Nf3 d5 4. Nc3 c6 5. e3 Nbd7 6. Qc2 b6 7. Bd3 Bb7 8. 0-0 Be7 9. e4 dxe4 10. Nxe4 0-0 11. c5 Nxe4 12. Bxe4 Nf6 13. Re1 Nxe4 14. Rxe4 Qd5 15. Re5 Qd7 16. Rh5 g6 17. Re5 Rfd8 18. b4 a5 19. Bd2 Bf6 20. Ree1 axb4 21. Bxb4 Qd5 22. a3 b5 23. Rac1 Qf5 24. Re4 Qd5 25. h3 Bc8 26. Rce1 Bg7 27. Qb2 Ra6 28. Qc3 Ra4 29. Qd2 1/2-1/2

[Event "RA-2022-0-00711"]
[Site "LSS email"]
[Date "2022.06.04"]
[Round "?"]
[White "Morcin, Tom"]
[Black "Salzmann, Stefan"]
[Result "1/2-1/2"]
[WhiteElo "2017"]
[BlackElo "2129"]
[PlyCount "59"]
[EventDate "2022.03.20"]
[EventType "tourn (corr)"]
[EventRounds "6"]
[EventCountry "GER"]
[SourceTitle "Corr 2024"]
[Source "ChessBase"]
[SourceDate "2023.10.19"]
[SourceVersion "1"]
[SourceVersionDate "2023.10.19"]
[SourceQuality "1"]

1. d4 Nf6 2. Nf3 e6 3. c4 d5 4. g3 Bb4+ 5. Nc3 dxc4 6. Bg2 0-0 7. 0-0 Nc6 8. Qa4 Nd5 9. Qc2 Be7 10. Rd1 Ncb4 11. Qd2 Nb6 12. a3 N4d5 13. e4 Nxc3 14. Qxc3 Bd7 15. Ne5 Ba4 16. Rd2 Bb3 17. Bf1 Bg5 18. f4 Bf6 19. Nxc4 Nxc4 20. Bxc4 Bxc4 21. Qxc4 c6 22. Kg2 Rc8 23. b4 Re8 24. Bb2 g6 25. Rc1 Bg7 26. h3 Rc7 27. Rcd1 a6 28. Qe2 Rd7 29. Bc3 Qe7 30. Qe3 1/2-1/2

[Event "RA-2022-0-00710"]
[Site "LSS email"]
[Date "2022.05.27"]
[Round "?"]
[White "Morcin, Tom"]
[Black "Van Bommel, Ton"]
[Result "1/2-1/2"]
[WhiteElo "2010"]
[BlackElo "2165"]
[PlyCount "47"]
[EventDate "2022.02.20"]
[EventType "tourn (corr)"]
[EventRounds "6"]
[EventCountry "GER"]
[SourceTitle "Corr 2024"]
[Source "ChessBase"]
[SourceDate "2023.10.19"]
[SourceVersion "1"]
[SourceVersionDate "2023.10.19"]
[SourceQuality "1"]

1. d4 Nf6 2. Nf3 d5 3. Bf4 c5 4. e3 Nc6 5. dxc5 e6 6. c4 Bxc5 7. Nc3 0-0 8. a3 Re8 9. cxd5 exd5 10. Be2 d4 11. Na4 Bf8 12. exd4 Bg4 13. 0-0 Nxd4 14. Nxd4 Bxe2 15. Nxe2 Qxd1 16. Rfxd1 Rxe2 17. b4 Rc2 18. Rdc1 Rcc8 19. Rxc8 Rxc8 20. Rd1 h5 21. g3 b5 22. Nb2 a6 23. Kg2 Rc2 24. Rd2 1/2-1/2

[Event "RA-2022-0-00709"]
[Site "LSS email"]
[Date "2022.04.03"]
[Round "?"]
[White "Morcin, Tom"]
[Black "Rasmussen, Bo"]
[Result "1/2-1/2"]
[WhiteElo "2041"]
[BlackElo "2120"]
[PlyCount "61"]
[EventDate "2022.02.11"]
[EventType "tourn (corr)"]
[EventRounds "6"]
[EventCountry "GER"]
[SourceTitle "Corr 2024"]
[Source "ChessBase"]
[SourceDate "2023.10.19"]
[SourceVersion "1"]
[SourceVersionDate "2023.10.19"]
[SourceQuality "1"]

1. e4 c5 2. Nf3 d6 3. d4 cxd4 4. Nxd4 Nf6 5. Nc3 a6 6. Bg5 e6 7. f4 Qb6 8. Qd2 Qxb2 9. Rb1 Qa3 10. e5 dxe5 11. fxe5 h6 12. Bh4 g5 13. exf6 gxh4 14. Be2 Qa5 15. 0-0 Nd7 16. Kh1 Qg5 17. Qe1 Nxf6 18. Nf3 Qg7 19. Ne5 Be7 20. Na4 Nd7 21. Nxf7 0-0 22. Bc4 h3 23. gxh3 b5 24. Qxe6 Nc5 25. Qc6 Bb7 26. Nd8+ Kh8 27. Rxf8+ Bxf8 28. Nxb7 Qxb7 29. Qxb7 Nxb7 30. Bd5 Rb8 31. Rf1 1/2-1/2

[Event "RA-2022-0-00708"]
[Site "LSS email"]
[Date "2022.03.22"]
[Round "?"]
[White "Baltar, Antoni"]
[Black "Morcin, Tom"]
[Result "1-0"]
[WhiteElo "2072"]
[BlackElo "2045"]
[PlyCount "127"]
[EventDate "2022.01.28"]
[EventType "tourn (corr)"]
[EventRounds "6"]
[EventCountry "GER"]
[SourceTitle "Corr 2024"]
[Source "ChessBase"]
[SourceDate "2023.10.19"]
[SourceVersion "1"]
[SourceVersionDate "2023.10.19"]
[SourceQuality "1"]

1. e4 c5 2. Nf3 d6 3. d4 cxd4 4. Nxd4 Nf6 5. Nc3 a6 6. Bg5 e6 7. f4 Qb6 8. Qd2 Qxb2 9. Rb1 Qa3 10. e5 dxe5 11. fxe5 h6 12. Bh4 Nfd7 13. Ne4 Qxa2 14. Rd1 Qb2 15. Qe3 Bc5 16. Be2 Qa3 17. Rd3 Qa5+ 18. c3 Nxe5 19. Nxc5 Nxd3+ 20. Qxd3 0-0 21. Ne4 f5 22. Nd6 Qc7 23. Rf1 f4 24. Nxc8 Rxc8 25. Rf3 Qf7 26. Qe4 g5 27. Bf2 Nd7 28. Rh3 Nf6 29. Qe5 Nd7 30. Qd6 Nf8 31. Kf1 a5 32. Rxh6 Rxc3 33. Nf3 Rc1+ 34. Ne1 Qc7 35. Qd4 Qc3 36. Qe4 Qg7 37. Rh5 Rd8 38. Bc4 Rxc4 39. Qxc4 Rd5 40. h4 b5 41. Qc8 Qg6 42. Rxg5 Rxg5 43. hxg5 Qxg5 44. Qc7 a4 45. Bd4 b4 46. Nf3 Qg6 47. Qxf4 a3 48. Qe5 Qd3+ 49. Kg1 Qb1+ 50. Kf2 Qh7 51. Qf6 Qc2+ 52. Kg1 Qb1+ 53. Ne1 Qg6 54. Nc2 Qxf6 55. Bxf6 Nd7 56. Ba1 Kh7 57. Nxb4 Nb6 58. Nc2 Nc4 59. Bd4 Kg6 60. Bc3 Kf5 61. Bb4 a2 62. Bc3 Ke4 63. Nb4 a1Q+ 64. Bxa1 1-0

[Event "RA-2022-0-00708"]
[Site "LSS email"]
[Date "2022.03.22"]
[Round "?"]
[White "Farnik, Kym"]
[Black "Morcin, Tom"]
[Result "1/2-1/2"]
[WhiteElo "2115"]
[BlackElo "2045"]
[PlyCount "86"]
[EventDate "2022.01.28"]
[EventType "tourn (corr)"]
[EventRounds "6"]
[EventCountry "GER"]
[SourceTitle "Corr 2024"]
[Source "ChessBase"]
[SourceDate "2023.10.19"]
[SourceVersion "1"]
[SourceVersionDate "2023.10.19"]
[SourceQuality "1"]

1. c4 e5 2. g3 Nf6 3. Bg2 d5 4. cxd5 Nxd5 5. Nf3 Nc6 6. 0-0 Nb6 7. b3 Be6 8. Bb2 f6 9. d4 e4 10. Ne1 f5 11. f3 exf3 12. Nxf3 Be7 13. Nbd2 Bd5 14. Qc2 0-0 15. a3 Qd6 16. Rae1 Rae8 17. e4 fxe4 18. Nxe4 Qg6 19. Rf2 a5 20. Rfe2 Rd8 21. Ne5 Nxe5 22. dxe5 Na8 23. Bd4 b6 24. Bb2 Kh8 25. e6 Kg8 26. Qc1 c6 27. Bd4 Bxb3 28. Qxc6 Rc8 29. Qd7 Rc7 30. Nd2 Bd1 31. Rxd1 Rxd7 32. exd7 Qd6 33. Nc4 Qxd7 34. Ree1 Qc7 35. Bd5+ Kh8 36. Ne5 Bc5 37. Nf7+ Rxf7 38. Bxf7 Bxd4+ 39. Rxd4 g6 40. Rde4 Qc5+ 41. Kg2 Nc7 42. a4 b5 43. h4 bxa4 1/2-1/2

[Event "RA-2022-0-00707"]
[Site "LSS email"]
[Date "2022.03.13"]
[Round "?"]
[White "Morcin, Tom"]
[Black "Detchin, Yrij"]
[Result "1/2-1/2"]
[WhiteElo "2029"]
[BlackElo "2043"]
[PlyCount "75"]
[EventDate "2022.01.21"]
[EventType "tourn (corr)"]
[EventRounds "6"]
[EventCountry "GER"]
[SourceTitle "Corr 2024"]
[Source "ChessBase"]
[SourceDate "2023.10.19"]
[SourceVersion "1"]
[SourceVersionDate "2023.10.19"]
[SourceQuality "1"]

1. e4 e6 2. d4 d5 3. Nc3 Nf6 4. Bg5 dxe4 5. Nxe4 Be7 6. Bxf6 gxf6 7. Nc3 a6 8. g3 h5 9. Bg2 h4 10. Qd3 c6 11. f4 f5 12. 0-0-0 Nd7 13. Qf1 a5 14. Nf3 a4 15. Nxh4 Qa5 16. Qd3 a3 17. b3 Nf6 18. Nf3 Ng4 19. Rdf1 b6 20. Nd2 Ba6 21. Nc4 Rc8 22. h3 Nf6 23. Rd1 Bxc4 24. Qxc4 0-0 25. Qd3 c5 26. Nb5 cxd4 27. g4 Rc5 28. Nxd4 Rc3 29. Qe2 Rfc8 30. Kb1 Ne4 31. Bxe4 fxe4 32. g5 Rg3 33. Qe1 Rg2 34. Qxa5 bxa5 35. Rde1 Bc5 36. Re2 Rxe2 37. Nxe2 Rd8 38. h4 1/2-1/2

[Event "RA-2022-0-00707"]
[Site "LSS email"]
[Date "2022.03.12"]
[Round "?"]
[White "Morcin, Tom"]
[Black "Baltar, Antoni"]
[Result "1/2-1/2"]
[WhiteElo "2029"]
[BlackElo "2074"]
[PlyCount "65"]
[EventDate "2022.01.21"]
[EventType "tourn (corr)"]
[EventRounds "6"]
[EventCountry "GER"]
[SourceTitle "Corr 2024"]
[Source "ChessBase"]
[SourceDate "2023.10.19"]
[SourceVersion "1"]
[SourceVersionDate "2023.10.19"]
[SourceQuality "1"]

1. Nf3 Nf6 2. d4 d5 3. c4 c6 4. Nc3 e6 5. e3 Nbd7 6. Bd3 dxc4 7. Bxc4 b5 8. Bd3 Bb7 9. e4 b4 10. Na4 c5 11. e5 Nd5 12. 0-0 cxd4 13. Nxd4 Nxe5 14. Bb5+ Nd7 15. Re1 Rc8 16. b3 Be7 17. Rxe6 0-0 18. Nc6 Bxc6 19. Rxc6 Nc7 20. Bf1 Ne5 21. Qxd8 Rfxd8 22. Rc2 Bf6 23. Bb2 Ne6 24. Rxc8 Rxc8 25. Re1 Nd7 26. Rd1 Bxb2 27. Nxb2 Nb6 28. Nc4 Nxc4 29. Bxc4 Rc5 30. Rd7 Ra5 31. Rb7 g6 32. Rxb4 Rxa2 33. g3 1/2-1/2

[Event "RA-2022-0-00706"]
[Site "LSS email"]
[Date "2022.02.14"]
[Round "?"]
[White "Hoppe, Arnold"]
[Black "Morcin, Tom"]
[Result "1/2-1/2"]
[WhiteElo "2067"]
[BlackElo "2031"]
[PlyCount "85"]
[EventDate "2022.01.15"]
[EventType "tourn (corr)"]
[EventRounds "6"]
[EventCountry "GER"]
[SourceTitle "Corr 2024"]
[Source "ChessBase"]
[SourceDate "2023.10.19"]
[SourceVersion "1"]
[SourceVersionDate "2023.10.19"]
[SourceQuality "1"]

1. Nf3 d5 2. d4 Nf6 3. c4 c6 4. e3 e6 5. b3 c5 6. Bb2 cxd4 7. exd4 b6 8. Nbd2 Bb7 9. Bd3 Nc6 10. 0-0 Rc8 11. Rc1 Bd6 12. c5 Be7 13. a3 a5 14. Qc2 0-0 15. Rfe1 h6 16. Qc3 bxc5 17. dxc5 d4 18. Qc4 Qd5 19. Qa4 Rb8 20. Bc4 Qh5 21. Nf1 Ba8 22. Ng3 Qxc5 23. Bxe6 Qb6 24. Bc4 Bc5 25. Nf5 Rfd8 26. h3 Nd5 27. Rc2 Nde7 28. Ng3 Nd5 29. Nf5 Nde7 30. Nxe7+ Nxe7 31. Ne5 Nd5 32. h4 Qc7 33. Rcc1 Qa7 34. b4 Bd6 35. Qd1 Bxe5 36. Rxe5 axb4 37. axb4 Rxb4 38. Bxd4 Qc7 39. Qc2 Bb7 40. h5 Ba6 41. Bxa6 Qxc2 42. Rxc2 Rxd4 43. Bf1 1/2-1/2

[Event "RA-2022-0-00706"]
[Site "LSS email"]
[Date "2022.02.13"]
[Round "?"]
[White "Rasmussen, Bo"]
[Black "Morcin, Tom"]
[Result "1/2-1/2"]
[WhiteElo "2131"]
[BlackElo "2031"]
[PlyCount "63"]
[EventDate "2022.01.15"]
[EventType "tourn (corr)"]
[EventRounds "6"]
[EventCountry "GER"]
[SourceTitle "Corr 2024"]
[Source "ChessBase"]
[SourceDate "2023.10.19"]
[SourceVersion "1"]
[SourceVersionDate "2023.10.19"]
[SourceQuality "1"]

1. d4 Nf6 2. c4 e6 3. Nf3 d5 4. Nc3 Be7 5. Bf4 0-0 6. e3 Nbd7 7. c5 Nh5 8. Bd3 Nxf4 9. exf4 b6 10. b4 a5 11. a3 c6 12. 0-0 Qc7 13. g3 Ba6 14. Bxa6 Rxa6 15. Qe2 Ra7 16. f5 e5 17. cxb6 Qxb6 18. dxe5 axb4 19. axb4 Bxb4 20. Rxa7 Qxa7 21. Na2 Ba3 22. Rb1 h6 23. Nc1 Bxc1 24. Rxc1 c5 25. Qd3 Qa8 26. e6 c4 27. Qd4 Nf6 28. Kg2 Qb7 29. Re1 Rc8 30. Qc3 Qb3 31. Qe5 Qb7 32. Qc3 1/2-1/2

[Event "RA-2022-0-00704"]
[Site "LSS email"]
[Date "2022.01.20"]
[Round "?"]
[White "Rasmussen, Bo"]
[Black "Morcin, Tom"]
[Result "1/2-1/2"]
[WhiteElo "2141"]
[BlackElo "2025"]
[PlyCount "39"]
[EventDate "2022.01.04"]
[EventType "tourn (corr)"]
[EventRounds "6"]
[EventCountry "GER"]
[SourceTitle "Corr 2024"]
[Source "ChessBase"]
[SourceDate "2023.10.19"]
[SourceVersion "1"]
[SourceVersionDate "2023.10.19"]
[SourceQuality "1"]

1. d4 Nf6 2. c4 e6 3. Nf3 d5 4. Nc3 Be7 5. Bf4 0-0 6. e3 Nbd7 7. c5 c6 8. Bd3 b6 9. b4 a5 10. a3 h6 11. h3 Ba6 12. 0-0 Qc8 13. Qe2 Qb7 14. Rfb1 Bxd3 15. Qxd3 axb4 16. axb4 Rxa1 17. Rxa1 Ra8 18. Qd1 Bd8 19. Qc1 Ne8 20. g4 1/2-1/2